000 00706nam a2200205Ii 4500
003 JO-AjNU
008 230605s9999||||xx |||||||||||||| ||und||
040 _aJO-AjNU
_bara
_erda
_cJO-AjNU
041 _aara
050 1 4 _aBP144.Z3 1968
100 3 _aالزرقاء، مصطفى أحمد,
_eauthor
_956429
245 0 0 _aالفقه الإسلامي في ثوبه الجديد: المدخل الفقهي العام، ج3
250 _aط6/مزيدة ومنقحة
264 3 1 _aدمشق: دار الفكر، 1968
300 _aج3، ص3-296
336 _atext
_btxt
_2rdacontent
337 _aunmediated
_bn
_2rdamedia
338 _avolume
_bnc
_2rdacarrier
650 4 _aالفقه الاسلامي
_956430
999 _aA25227
_c28795
_d28795